000 00713nam a2200181Ia 4500
008 100920s9999 xx 000 0 und d
082 _b66584
_a28 व 375 0
100 _aचिटणीस वैशाली.
245 _aम्हणी आणि म्हणींच्या गोष्टी.
260 _bजयदीप प्रकाशन, पुणे.
_c0
300 _a38
_bसाधी
365 _b20
520 _aबा.वि.शालो.
630 _aम्हणी आणि म्हणींच्या गोष्टी.
650 _aबा.वि.शालो.
730 _aम्हणी आणि म्हणींच्या गोष्टी.
942 _cBOOK
999 _c709174
_d709171